[Event "Oberliga NRW 1415"]
[Site "Germany"]
[Date "2014.12.14"]
[Round "4.1"]
[White "Mladenov, Svetlin"]
[Black "Stark, Lars"]
[Result "1/2-1/2"]
[WhiteElo "2439"]
[BlackElo "2450"]
[PlyCount "107"]
[EventDate "2014.09.14"]
[EventType "team-tourn"]
[EventRounds "9"]
[EventCountry "GER"]
[SourceTitle "EXT 2017"]
[Source "ChessBase"]
[SourceDate "2016.10.25"]
[SourceVersion "1"]
[SourceVersionDate "2016.10.25"]
[SourceQuality "1"]
[WhiteTeam "Wattenscheid"]
[BlackTeam "Duesseldorf"]
[WhiteTeamCountry "GER"]
[BlackTeamCountry "GER"]

1. e4 e6 2. d4 d5 3. Nd2 Nd7 4. Ngf3 dxe4 5. Nxe4 Be7 6. Bd3 Ngf6 7. Qe2 c5 8. Nxc5 Nxc5 9. dxc5 Bxc5 10. Bg5 Qa5+ 11. c3 Be7 12. 0-0 h6 13. Bh4 Qh5 14. Rfd1 Bd7 15. Qe5 Qxe5 16. Nxe5 Rd8 17. Be2 g5 18. Bg3 0-0 19. Bf3 Bc8 20. Nc4 Nd5 21. Na5 f5 22. Be5 g4 23. Bxd5 Rxd5 24. Rxd5 exd5 25. Rd1 Rd8 26. Bf4 h5 27. Re1 Bf6 28. Bc7 Rf8 29. Nb3 Kf7 30. Bb8 a6 31. Nc5 Re8 32. Rxe8 Kxe8 33. Nd3 Be6 34. Be5 Bg5 35. Nc5 Bc8 36. g3 h4 37. Kf1 h3 38. Ke2 Bc1 39. b4 Bg5 40. Kd3 Bd8 41. Kd4 Bb6 42. Kxd5 Bxc5 43. Kxc5 Be6 44. a4 Kd7 45. Bf4 Bb3 46. a5 Bd1 47. c4 Be2 48. b5 Bf1 49. bxa6 bxa6 50. Kd5 Bg2+ 51. Ke5 Be4 52. Be3 Kc6 53. Bd4 Bd3 54. Be3 1/2-1/2

[Event "Solingen Karneval op"]
[Site "Solingen"]
[Date "2014.03.02"]
[Round "4"]
[White "Naundorf, Maik"]
[Black "Mladenov, Svetlin"]
[Result "1/2-1/2"]
[WhiteElo "2130"]
[BlackElo "2471"]
[PlyCount "195"]
[EventDate "2014.02.28"]
[EventType "swiss"]
[EventRounds "5"]
[EventCountry "GER"]
[SourceTitle "EXT 2016"]
[Source "ChessBase"]
[SourceDate "2015.10.08"]
[SourceVersion "1"]
[SourceVersionDate "2015.10.08"]
[SourceQuality "1"]

1. c4 c5 2. g3 g6 3. Bg2 Bg7 4. Nc3 Nc6 5. Nf3 d6 6. 0-0 e6 7. e3 Nge7 8. d4 0-0 9. b3 cxd4 10. Nxd4 Nxd4 11. exd4 Nf5 12. Be3 Qb6 13. Qd3 Bd7 14. Rad1 Rac8 15. Rfe1 Rfe8 16. Re2 Qb4 17. Rc2 Nxe3 18. fxe3 a6 19. Rdc1 Bc6 20. Qd2 Qb6 21. Ne4 Bxe4 22. Bxe4 Rcd8 23. Bg2 e5 24. d5 a5 25. Kh1 Qc5 26. e4 b6 27. Rf1 Rf8 28. Bh3 Ra8 29. a4 Qc7 30. Rc3 Rae8 31. Rcf3 Qc5 32. Kg2 Qd4 33. Qe2 h5 34. Rd3 Qc5 35. Kh1 Bh6 36. Qf2 Qc7 37. Qe2 Kg7 38. Rdf3 Rb8 39. Qf2 Qe7 40. Qe2 Bg5 41. R3f2 Qc7 42. Rf3 Rbe8 43. Qf2 f5 44. Qe2 f4 45. Qg2 Qc5 46. gxf4 Bxf4 47. Bd7 Re7 48. Bf5 Rf6 49. Rg1 Kf8 50. Be6 Qd4 51. Qe2 Rg7 52. Rd3 Qc5 53. Rf1 Ke7 54. Rh3 Qd4 55. Rd3 Qc5 56. Rh3 Rf8 57. Rg1 Rh8 58. Rf1 Rgh7 59. Rg1 g5 60. Bf5 Rh6 61. Rd3 Kd8 62. Rf1 Qc7 63. Qf2 g4 64. Qg2 Qc5 65. Qf2 Rg8 66. Qg2 Kc7 67. Qe2 Kb7 68. Qg2 Rhh8 69. Qf2 Qc7 70. Qe1 Ra8 71. Qe2 Rhg8 72. Rg1 Qe7 73. Qf2 Qg5 74. Qe2 Raf8 75. Rf1 h4 76. Rg1 g3 77. h3 Rxf5 78. exf5 Qxf5 79. Kg2 Re8 80. Rf1 e4 81. Rdd1 Qe5 82. Rde1 e3 83. Rf3 Bg5 84. Rd1 Qc3 85. Rd3 Qc1 86. Rf1 Qa3 87. Rf3 Qc5 88. Rf5 Bh6 89. Rf7+ Kb8 90. Rd1 Qc8 91. Rdf1 Qc5 92. Rh7 Bg5 93. Rff7 Qd4 94. Rb7+ Ka8 95. Ra7+ Kb8 96. Rhb7+ Kc8 97. Rc7+ Kd8 98. Rd7+ 1/2-1/2

[Event "Staufer op 26th"]
[Site "Schwaebisch Gmuend"]
[Date "2014.01.05"]
[Round "8"]
[White "Bodrozic, Tomislav"]
[Black "Mladenov, Svetlin"]
[Result "0-1"]
[WhiteElo "2256"]
[BlackElo "2467"]
[PlyCount "78"]
[EventDate "2014.01.02"]
[EventType "swiss"]
[EventRounds "9"]
[EventCountry "GER"]
[SourceTitle "CBM 158 Extra"]
[Source "ChessBase"]
[SourceDate "2014.02.28"]
[SourceVersion "1"]
[SourceVersionDate "2014.02.28"]
[SourceQuality "1"]

1. e4 c5 2. Nf3 Nc6 3. Bb5 g6 4. Bxc6 bxc6 5. 0-0 Bg7 6. Re1 f6 7. c3 Nh6 8. d4 cxd4 9. cxd4 Nf7 10. Nc3 0-0 11. Be3 Qa5 12. Nd2 d6 13. Rc1 f5 14. e5 dxe5 15. dxe5 Be6 16. f4 g5 17. g3 gxf4 18. gxf4 Rab8 19. b3 Rfd8 20. Qe2 Kh8 21. Nf3 Rg8 22. Kf2 Bh6 23. Nd4 Nd8 24. Qh5 Bg7 25. Nxf5 Bxf5 26. Qxf5 Rf8 27. Qh5 Ne6 28. Ne2 Qxa2 29. Rxc6 Nxf4 30. Bxf4 Rxf4+ 31. Kg1 Rff8 32. Rec1 Qxb3 33. R6c3 Qb6+ 34. Kh1 Qe6 35. Rh3 h6 36. Rg1 Qd5+ 37. Rg2 Rb1+ 38. Ng1 Rxg1+ 39. Kxg1 Qd4+ 0-1

[Event "Oberliga NRW 1314"]
[Site "Germany"]
[Date "2013.11.17"]
[Round "3.1"]
[White "Hausrath, Daniel"]
[Black "Mladenov, Svetlin"]
[Result "1/2-1/2"]
[WhiteElo "2521"]
[BlackElo "2453"]
[PlyCount "46"]
[EventDate "2013.09.15"]
[EventType "team-tourn"]
[EventRounds "9"]
[EventCountry "GER"]
[SourceTitle "EXT 2015"]
[Source "ChessBase"]
[SourceDate "2014.11.20"]
[SourceVersion "1"]
[SourceVersionDate "2014.11.20"]
[SourceQuality "1"]
[WhiteTeam "Muelheim II"]
[BlackTeam "Wattenscheid II"]
[WhiteTeamCountry "GER"]
[BlackTeamCountry "GER"]

1. d4 d5 2. c4 c6 3. cxd5 cxd5 4. Nc3 Nf6 5. Nf3 Nc6 6. Bf4 Bf5 7. e3 e6 8. Bd3 Bxd3 9. Qxd3 Bd6 10. Bxd6 Qxd6 11. 0-0 0-0 12. Rac1 Rac8 13. a3 a6 14. Ne2 Ne4 15. Rc2 Rc7 16. Rfc1 Rfc8 17. h3 h6 18. Nc3 Nxc3 19. Rxc3 Ne7 20. Rxc7 Rxc7 21. Rc3 Rxc3 22. Qxc3 Qc6 23. Qxc6 Nxc6 1/2-1/2

[Event "Bundesliga 1314"]
[Site "Germany"]
[Date "2013.10.12"]
[Round "1.7"]
[White "Mladenov, Svetlin"]
[Black "Medvegy, Zoltan"]
[Result "1-0"]
[WhiteElo "2453"]
[BlackElo "2536"]
[PlyCount "47"]
[EventDate "2013.10.12"]
[EventType "team-tourn"]
[EventRounds "15"]
[EventCountry "GER"]
[SourceTitle "CBM 157"]
[Source "ChessBase"]
[SourceDate "2013.11.12"]
[SourceVersion "1"]
[SourceVersionDate "2013.11.12"]
[SourceQuality "1"]
[WhiteTeam "Wattenscheid"]
[BlackTeam "Eppingen"]
[WhiteTeamCountry "GER"]
[BlackTeamCountry "GER"]

1. e4 c6 2. d4 d5 3. exd5 cxd5 4. c4 Nf6 5. Nc3 e6 6. Nf3 Bb4 7. cxd5 Nxd5 8. Qc2 Nc6 9. a3 Be7 10. Bd3 Nf6 11. 0-0 0-0 12. Rd1 h6 13. Qe2 Re8 14. Bb1 Bf8 15. Ne5 Ne7 16. Qf3 Ned5 17. Qg3 Nh5 18. Qh3 Nhf6 19. Rd3 Nxc3 20. bxc3 Nd7 21. Bxh6 Nxe5 22. dxe5 Qb6 23. Rg3 Rd8 24. Bh7+ 1-0

[Event "Basel Hilton op 15th"]
[Site "Basel"]
[Date "2013.01.04"]
[Round "6"]
[White "Hansen, Eric"]
[Black "Mladenov, Svetlin"]
[Result "1-0"]
[WhiteElo "2568"]
[BlackElo "2407"]
[PlyCount "113"]
[EventDate "2013.01.01"]
[EventType "swiss"]
[EventRounds "7"]
[EventCountry "SUI"]
[SourceTitle "CBM 152 Extra"]
[Source "ChessBase"]
[SourceDate "2013.02.25"]
[SourceVersion "1"]
[SourceVersionDate "2013.02.25"]
[SourceQuality "1"]

1. d4 d6 2. Nf3 Nf6 3. c4 g6 4. Nc3 Bg7 5. e4 0-0 6. h3 Na6 7. Bg5 Qe8 8. Be2 e5 9. d5 Nh5 10. g3 f5 11. exf5 gxf5 12. Nh4 Nf6 13. Qc2 Nb4 14. Qb3 a5 15. a3 Na6 16. Qc2 Nc5 17. 0-0-0 Bd7 18. Be3 a4 19. Kb1 Nb3 20. Bd3 e4 21. Be2 Qe7 22. Ng2 c5 23. Nf4 Nd4 24. Rxd4 cxd4 25. Bxd4 Ne8 26. Qd2 Bxd4 27. Qxd4 Qg7 28. Qb6 Qe5 29. Qxb7 Nf6 30. Qb6 Rfb8 31. Qe3 Rb3 32. Ka2 Rab8 33. Rb1 Rc8 34. Rc1 Rcb8 35. Rc2 Kh8 36. Rd2 R3b7 37. Ng2 Be8 38. Nh4 Bd7 39. Qh6 Rg8 40. Ng2 Rgb8 41. Ne3 Rg8 42. Nc2 Rbb8 43. Qe3 Rgf8 44. Nb4 Rbe8 45. Bd1 Rc8 46. Rd4 Qe8 47. Nc6 Bxc6 48. dxc6 Qxc6 49. Bxa4 Qb6 50. Bb5 Qc5 51. Qd2 Rcd8 52. Nd5 Nxd5 53. Rxd5 Qc7 54. a4 Ra8 55. Rxd6 Rxa4+ 56. Bxa4 Qxc4+ 57. b3 1-0

[Event "Oberliga NRW 1213"]
[Site "Germany"]
[Date "2012.11.18"]
[Round "3.1"]
[White "Mladenov, Svetlin"]
[Black "Kotainy, Jens"]
[Result "1/2-1/2"]
[WhiteElo "2405"]
[BlackElo "2405"]
[PlyCount "119"]
[EventDate "2012.09.16"]
[EventType "team-tourn"]
[EventRounds "9"]
[EventCountry "GER"]
[SourceTitle "EXT 2017"]
[Source "ChessBase"]
[SourceDate "2016.10.25"]
[SourceVersion "1"]
[SourceVersionDate "2016.10.25"]
[SourceQuality "1"]
[WhiteTeam "Bochum Wattenscheid II"]
[BlackTeam "Katernberg II"]
[WhiteTeamCountry "GER"]
[BlackTeamCountry "GER"]

1. e4 c5 2. Nf3 Nc6 3. Bb5 g6 4. Bxc6 dxc6 5. d3 Bg7 6. h3 Nf6 7. Nc3 0-0 8. Be3 Nd7 9. Qd2 Qc7 10. Bh6 Ne5 11. Nh2 Bxh6 12. Qxh6 Qb6 13. 0-0-0 f6 14. Qe3 Nf7 15. f4 Nd6 16. Kb1 c4 17. Qxb6 axb6 18. d4 Bd7 19. Rhe1 Kf7 20. Nf3 Ra5 21. Nd2 Be6 22. a3 Nb5 23. Nxb5 Rxb5 24. Re3 Rd8 25. Nf3 h5 26. Kc1 Ra5 27. Rde1 Kg7 28. Kd2 c5 29. Kc3 cxd4+ 30. Nxd4 Bf7 31. e5 f5 32. e6 Be8 33. Re5 Ra4 34. g4 fxg4 35. hxg4 hxg4 36. Rg1 Bc6 37. Rxg4 Kf6 38. Rh4 Kg7 39. Rg4 Rh8 40. Nxc6 bxc6 41. Reg5 Rh3+ 42. Kd4 c3+ 43. b4 Kf6 44. Rxg6+ Kf5 45. R4g5+ Kxf4 46. Rg7 Rxa3 47. Re5 Ra4 48. Rf7+ Kg4 49. Rg7+ Kf4 50. Rf7+ Kg4 51. Re4+ Kg5 52. Ke5 Ra7 53. Rf8 Rh5 54. Rf5+ Kh6 55. Rxh5+ Kxh5 56. Rc4 Ra4 57. Rxc6 Rxb4 58. Rc7 Kg6 59. Rxe7 Rb2 60. Rb7 1/2-1/2

[Event "Oberliga NRW 1213"]
[Site "Germany"]
[Date "2012.10.21"]
[Round "2.2"]
[White "Mladenov, Svetlin"]
[Black "Erwich, Marc"]
[Result "1-0"]
[WhiteElo "2405"]
[BlackElo "2346"]
[PlyCount "73"]
[EventDate "2012.09.16"]
[EventType "team-tourn"]
[EventRounds "9"]
[EventCountry "GER"]
[SourceTitle "EXT 2017"]
[Source "ChessBase"]
[SourceDate "2016.10.25"]
[SourceVersion "1"]
[SourceVersionDate "2016.10.25"]
[SourceQuality "1"]
[WhiteTeam "Bochum Wattenscheid II"]
[BlackTeam "Erkenschwick"]
[WhiteTeamCountry "GER"]
[BlackTeamCountry "GER"]

1. e4 e5 2. Nf3 Nc6 3. Bb5 a6 4. Ba4 Nf6 5. 0-0 Be7 6. Re1 b5 7. Bb3 0-0 8. h3 d6 9. c3 Na5 10. Bc2 c5 11. d3 Re8 12. Nbd2 Bf8 13. Nf1 g6 14. Ng3 Bg7 15. Bg5 h6 16. Be3 c4 17. d4 Qc7 18. Qd2 Kh7 19. b4 Nc6 20. a4 Bb7 21. d5 Ne7 22. Nh2 Neg8 23. Rf1 Qe7 24. f4 exf4 25. Bxf4 Nd7 26. Nf3 Nb6 27. axb5 axb5 28. Nd4 Qd7 29. Ra5 Na4 30. Rb1 Rxa5 31. bxa5 Ra8 32. Nxb5 Rxa5 33. Nxd6 Ba6 34. e5 Ne7 35. Ra1 Nxd5 36. Rxa4 Rxa4 37. Bxa4 1-0

[Event "Golden Sands Europe op 1st"]
[Site "Golden Sands"]
[Date "2012.06.06"]
[Round "3"]
[White "Mladenov, Svetlin"]
[Black "Stoichkov, Simeon"]
[Result "1-0"]
[WhiteElo "2413"]
[BlackElo "2154"]
[PlyCount "65"]
[EventDate "2012.06.04"]
[EventType "swiss"]
[EventRounds "9"]
[EventCountry "BUL"]
[SourceTitle "CBM 148 Extra"]
[Source "ChessBase"]
[SourceDate "2012.06.22"]
[SourceVersion "1"]
[SourceVersionDate "2012.06.22"]
[SourceQuality "1"]

1. e4 c5 2. Nf3 e6 3. d4 cxd4 4. Nxd4 Nc6 5. Nc3 Qc7 6. Be2 a6 7. 0-0 Nf6 8. Kh1 Be7 9. f4 d6 10. Be3 Bd7 11. Qe1 b5 12. a3 Na5 13. Qg3 h5 14. e5 dxe5 15. fxe5 Ng4 16. Bxg4 hxg4 17. Ne4 Nc4 18. Bf4 Qb7 19. Nd6+ Nxd6 20. exd6 Bf6 21. Rad1 0-0-0 22. Nb3 e5 23. Qc3+ Kb8 24. Bxe5 Rc8 25. Nc5 Qc6 26. b4 Bxe5 27. Qxe5 Rce8 28. Qg3 f5 29. Rfe1 g5 30. Re7 f4 31. Qc3 Rh3 32. Nxd7+ Qxd7 33. Qc7+ 1-0

[Event "Neckar op-A 16th"]
[Site "Deizisau"]
[Date "2012.04.07"]
[Round "4"]
[White "Mladenov, Svetlin"]
[Black "Milanovic, Danilo"]
[Result "1/2-1/2"]
[WhiteElo "2419"]
[BlackElo "2520"]
[PlyCount "87"]
[EventDate "2012.04.05"]
[EventType "swiss"]
[EventRounds "9"]
[EventCountry "GER"]
[SourceTitle "CBM 147 Extra"]
[Source "ChessBase"]
[SourceDate "2012.04.24"]
[SourceVersion "1"]
[SourceVersionDate "2012.04.24"]
[SourceQuality "1"]

1. e4 d5 2. exd5 Qxd5 3. Nc3 Qd6 4. d4 Nf6 5. Nf3 c6 6. Ne5 Nbd7 7. Nc4 Qc7 8. Qf3 Nb6 9. Bf4 Qd8 10. Be5 Be6 11. Nxb6 axb6 12. Bxf6 gxf6 13. Rd1 h5 14. Be2 Ra5 15. 0-0 Bg4 16. Qe3 e6 17. a3 Be7 18. f3 Bf5 19. Ne4 Rd5 20. c4 Rd7 21. Kh1 Bg6 22. Nc3 Kf8 23. Bd3 f5 24. Bb1 Bf6 25. Ne2 c5 26. d5 Bxb2 27. Qb3 Be5 28. f4 Bc7 29. Ng1 exd5 30. cxd5 Kg7 31. Nh3 Qf6 32. Bd3 Rhd8 33. Bc4 Re7 34. Ng5 Rde8 35. Ne6+ fxe6 36. d6 Bxd6 37. Rxd6 Bf7 38. Rxb6 Rd8 39. Rxb7 Rd4 40. Rb6 Re4 41. Bd5 Rd4 42. Bc4 Re4 43. Bd5 Rd4 44. Bc4 1/2-1/2

[Event "Oberliga NRW 1112"]
[Site "Germany"]
[Date "2012.03.25"]
[Round "8.1"]
[White "Mladenov, Svetlin"]
[Black "Koch, Thomas"]
[Result "1/2-1/2"]
[WhiteElo "2359"]
[BlackElo "2402"]
[PlyCount "247"]
[EventDate "2011.09.18"]
[EventType "team-tourn"]
[EventRounds "9"]
[EventCountry "GER"]
[SourceTitle "EXT 2015"]
[Source "ChessBase"]
[SourceDate "2014.11.20"]
[SourceVersion "1"]
[SourceVersionDate "2014.11.20"]
[SourceQuality "1"]
[WhiteTeam "Wattenscheid II"]
[BlackTeam "Aachen SV"]
[WhiteTeamCountry "GER"]
[BlackTeamCountry "GER"]

1. e4 c5 2. Nf3 d6 3. d4 cxd4 4. Nxd4 Nf6 5. Nc3 a6 6. Be2 e6 7. 0-0 Be7 8. f4 Qc7 9. Be3 0-0 10. a4 Nc6 11. Kh1 Re8 12. Bf3 Rb8 13. g4 Nxd4 14. Bxd4 e5 15. fxe5 dxe5 16. Ba7 Ra8 17. g5 Rd8 18. Qe2 Ne8 19. Be3 Be6 20. Bg4 Qc6 21. Qg2 Nc7 22. Rf3 b5 23. Raf1 b4 24. Bxe6 Qxe6 25. Nd1 Rd7 26. Nf2 Rad8 27. Ng4 Kh8 28. Rxf7 Rd1 29. R7f5 Ne8 30. Rxe5 Qc4 31. Rg1 Bf8 32. b3 Qc3 33. Qf2 Rxg1+ 34. Kxg1 Nd6 35. Bd4 Qc8 36. Ne3 Kg8 37. Nf5 Nf7 38. Rd5 Rxd5 39. exd5 Nxg5 40. Kh1 Ne4 41. Qf3 Qxc2 42. d6 Qc1+ 43. Bg1 Nf6 44. h3 h6 45. d7 Qc7 46. Nxh6+ gxh6 47. Qxf6 Qxd7 48. Qg6+ Bg7 49. Qg2 Qd3 50. Qa8+ Kh7 51. Kg2 Qxb3 52. Qe4+ Kh8 53. Bc5 a5 54. Bb6 Qf7 55. Bxa5 b3 56. Bb4 Qg8 57. Kf3 Qc8 58. Kg2 b2 59. Ba3 Qb8 60. Bxb2 Qxb2+ 61. Kf3 Qc3+ 62. Kg4 Qc8+ 63. Kg3 Qc7+ 64. Kg2 Be5 65. Kf3 Qc3+ 66. Kg4 Qg3+ 67. Kf5 Qg5+ 68. Ke6 Qf6+ 69. Kd5 Qd6+ 70. Kc4 h5 71. Qd5 Qf6 72. a5 Kg7 73. Qb7+ Kg6 74. Qe4+ Kh6 75. Qe3+ Bf4 76. Qf3 Kg5 77. Kd3 Qa6+ 78. Kc2 Qd6 79. a6 Be5 80. Qe3+ Kh4 81. a7 Qc6+ 82. Kd3 Qd5+ 83. Ke2 Bg3 84. Qf3 Qc4+ 85. Qd3 Qa2+ 86. Kd1 Qxa7 87. Qe4+ Kxh3 88. Qf5+ Kh4 89. Qf6+ Kg4 90. Qg6+ Kf4 91. Qf6+ Ke3 92. Qg5+ Kf2 93. Qf5+ Kg1 94. Qxh5 Qd4+ 95. Kc2 Qc4+ 96. Kb2 Qb4+ 97. Kc2 Qe4+ 98. Kd2 Bf4+ 99. Kc3 Be5+ 100. Kd2 Kf2 101. Qf7+ Bf4+ 102. Kc3 Ke1 103. Qc4 Qe5+ 104. Kb3 Bd2 105. Qh4+ Kd1 106. Qh1+ Be1 107. Qc6 Kd2 108. Qg2+ Ke3 109. Qg1+ Ke2 110. Qg4+ Kf2 111. Qh4+ Kf3 112. Qh3+ Ke4 113. Qg4+ Ke3 114. Qg1+ Kf3 115. Qf1+ Bf2 116. Qd3+ Be3 117. Qf1+ Ke4 118. Qg2+ Kf5 119. Qf3+ Ke6 120. Qc6+ Ke7 121. Qb7+ Kd8 122. Qc6 Qd4 123. Qc4 Qxc4+ 124. Kxc4 1/2-1/2

[Event "Pfalz op 03rd"]
[Site "Neustadt an der Weinstrasse"]
[Date "2012.03.03"]
[Round "8"]
[White "Mladenov, Svetlin"]
[Black "Zozulia, Anna"]
[Result "0-1"]
[WhiteElo "2439"]
[BlackElo "2357"]
[PlyCount "100"]
[EventDate "2012.02.17"]
[EventType "swiss"]
[EventRounds "9"]
[EventCountry "GER"]
[SourceTitle "EXT 2013"]
[Source "ChessBase"]
[SourceDate "2012.11.22"]
[SourceVersion "1"]
[SourceVersionDate "2012.11.22"]
[SourceQuality "1"]

1. e4 c5 2. Nf3 Nc6 3. Bb5 e6 4. 0-0 Nge7 5. c3 a6 6. Ba4 b5 7. Bc2 Bb7 8. Qe2 Qb6 9. Rd1 d5 10. exd5 Nxd5 11. d4 cxd4 12. cxd4 Be7 13. Nc3 Ncb4 14. Bb3 Nxc3 15. bxc3 Nd5 16. Rd3 Rc8 17. Bd2 0-0 18. Ne5 Qc7 19. Rh3 g6 20. Re1 Bf6 21. Qg4 Rfe8 22. Bxd5 Bxd5 23. Bg5 Bg7 24. Qh4 h5 25. Bf6 Bxf6 26. Qxf6 Qe7 27. Qf4 Kg7 28. Rg3 Qf6 29. Qe3 Rc7 30. Qd2 Rec8 31. h3 a5 32. a3 b4 33. axb4 axb4 34. c4 Rxc4 35. Nxc4 Rxc4 36. Re5 Qh4 37. Rd3 Qe7 38. Rg3 Qh4 39. Rd3 Qe7 40. Re1 Qc7 41. Rb1 Be4 42. Rdb3 Bxb1 43. Rxb1 Qd6 44. Rd1 Qd7 45. Qb2 Kh7 46. Qa2 Qd5 47. Qd2 b3 48. Qd3 Rb4 49. Qf3 Kg7 50. Qc3 Qd6 0-1

[Event "Pfalz op 03rd"]
[Site "Neustadt an der Weinstrasse"]
[Date "2012.02.20"]
[Round "3"]
[White "Bonk, Andras"]
[Black "Mladenov, Svetlin"]
[Result "0-1"]
[WhiteElo "1935"]
[BlackElo "2439"]
[PlyCount "112"]
[EventDate "2012.02.17"]
[EventType "swiss"]
[EventRounds "9"]
[EventCountry "GER"]
[SourceTitle "EXT 2013"]
[Source "ChessBase"]
[SourceDate "2012.11.22"]
[SourceVersion "1"]
[SourceVersionDate "2012.11.22"]
[SourceQuality "1"]

1. e4 d6 2. d4 Nf6 3. Nc3 e5 4. Nf3 Nbd7 5. Be2 Be7 6. 0-0 0-0 7. h3 c6 8. dxe5 dxe5 9. Be3 Qc7 10. Nd2 Re8 11. a4 Nf8 12. Bc4 Ne6 13. Kh1 Bb4 14. Qb1 Nc5 15. Bxc5 Bxc5 16. b4 Bd6 17. Qb3 Qe7 18. Rab1 Rf8 19. Ne2 Nh5 20. Nf3 Qf6 21. Qe3 Bc7 22. Rbd1 Qe7 23. Qb3 Nf6 24. Ng3 g6 25. Rfe1 Kg7 26. Rd2 a5 27. c3 Nd7 28. Bd3 Nb6 29. Ra1 Be6 30. Qb1 axb4 31. a5 Nc4 32. Bxc4 Bxc4 33. cxb4 Rad8 34. Qb2 Rxd2 35. Nxd2 Bb5 36. Nf3 Rd8 37. Kh2 Rd3 38. Rc1 Bd6 39. Rb1 f6 40. Nh4 Qe6 41. Qc1 Kg8 42. Qe1 Bf8 43. Nf3 Qc4 44. Nf1 Qc3 45. Qxc3 Rxc3 46. Ne3 Kf7 47. Rb2 Ke6 48. Nd2 h5 49. Nf3 Bh6 50. Nd1 Bf4+ 51. g3 Rxf3 52. gxf4 exf4 53. Rd2 Rd3 54. Rxd3 Bxd3 55. f3 Ke5 56. Kg2 Kd4 0-1

[Event "Pfalz op 03rd"]
[Site "Neustadt an der Weinstrasse"]
[Date "2012.02.20"]
[Round "4"]
[White "Mladenov, Svetlin"]
[Black "Weller, Karl"]
[Result "1-0"]
[WhiteElo "2439"]
[BlackElo "2030"]
[PlyCount "81"]
[EventDate "2012.02.17"]
[EventType "swiss"]
[EventRounds "9"]
[EventCountry "GER"]
[SourceTitle "EXT 2013"]
[Source "ChessBase"]
[SourceDate "2012.11.22"]
[SourceVersion "1"]
[SourceVersionDate "2012.11.22"]
[SourceQuality "1"]

1. e4 c5 2. Nf3 d6 3. d4 cxd4 4. Nxd4 Nf6 5. Nc3 a6 6. Be2 e5 7. Nb3 Be6 8. 0-0 Be7 9. Bf3 Nbd7 10. a4 b6 11. Re1 0-0 12. Nd2 Qc7 13. Nf1 Rfc8 14. Ne3 Bf8 15. Bd2 Rab8 16. Ncd5 Bxd5 17. exd5 a5 18. Be2 g6 19. Ra3 Ne4 20. Bc1 f5 21. Bb5 Ndf6 22. Bc6 Be7 23. Nc4 Nc5 24. Qe2 Rf8 25. f3 Nfd7 26. Bd2 Bf6 27. b4 axb4 28. Bxb4 Rf7 29. a5 b5 30. a6 bxc4 31. a7 Nb6 32. Bxc5 dxc5 33. axb8Q+ Qxb8 34. Rb1 Ra7 35. Qe3 Rxa3 36. Qxa3 Qc7 37. Qxc5 Be7 38. Qa5 Bd8 39. Kh1 Kg7 40. Qc5 Qa7 41. d6 1-0

[Event "Oberliga NRW 1112"]
[Site "Germany"]
[Date "2012.01.08"]
[Round "5.1"]
[White "Jens, Jelmer"]
[Black "Mladenov, Svetlin"]
[Result "1/2-1/2"]
[WhiteElo "2388"]
[BlackElo "2359"]
[PlyCount "102"]
[EventDate "2011.09.18"]
[EventType "team-tourn"]
[EventRounds "9"]
[EventCountry "GER"]
[SourceTitle "EXT 2015"]
[Source "ChessBase"]
[SourceDate "2014.11.20"]
[SourceVersion "1"]
[SourceVersionDate "2014.11.20"]
[SourceQuality "1"]
[WhiteTeam "Bochum SG II"]
[BlackTeam "Wattenscheid II"]
[WhiteTeamCountry "GER"]
[BlackTeamCountry "GER"]

1. e4 d6 2. d4 Nf6 3. Nc3 e5 4. Nf3 Nbd7 5. Bc4 Be7 6. 0-0 0-0 7. Re1 a6 8. a4 b6 9. h3 Bb7 10. d5 Kh8 11. Be3 Ng8 12. Qd2 g6 13. Nh2 f5 14. exf5 gxf5 15. f4 Bf6 16. Rf1 Ne7 17. Nf3 Ng6 18. fxe5 Ndxe5 19. Be2 Nxf3+ 20. Rxf3 Nh4 21. Rf2 Rg8 22. Bf1 Be5 23. Ne2 Qf6 24. c3 Rae8 25. Kh1 Bc8 26. Bd4 Bb7 27. c4 c6 28. Bxb6 cxd5 29. cxd5 Bxb2 30. Rb1 Be5 31. a5 Qf7 32. Rd1 Qh5 33. Nf4 Qg5 34. Nd3 f4 35. Nxe5 dxe5 36. d6 Re6 37. d7 Nxg2 38. Rxg2 Rd6 39. d8Q Rgxd8 40. Qxd6 Rxd6 41. Rxd6 Bxg2+ 42. Bxg2 Qg3 43. Rd1 Kg7 44. Rg1 Qc3 45. Kh2 Kf8 46. Rf1 Ke7 47. Rf3 Qc4 48. Rf2 Ke6 49. Bf1 Qc3 50. Bxa6 Qg3+ 51. Kh1 Qxh3+ 1/2-1/2

[Event "Duesseldorf Post op 27th"]
[Site "Duesseldorf"]
[Date "2011.12.31"]
[Round "7"]
[White "Mladenov, Svetlin"]
[Black "Tkachuk, Sergij"]
[Result "1-0"]
[WhiteElo "2358"]
[BlackElo "2218"]
[PlyCount "65"]
[EventDate "2011.12.26"]
[EventType "swiss"]
[EventRounds "7"]
[EventCountry "GER"]
[SourceTitle "EXT 2014"]
[Source "ChessBase"]
[SourceDate "2013.11.20"]
[SourceVersion "1"]
[SourceVersionDate "2013.11.20"]
[SourceQuality "1"]

1. e4 c5 2. Nf3 d6 3. d4 cxd4 4. Nxd4 Nf6 5. Nc3 g6 6. Be3 Bg7 7. f3 0-0 8. Qd2 Nc6 9. g4 Nxd4 10. Bxd4 Be6 11. h4 Qa5 12. a3 Rfd8 13. 0-0-0 Rab8 14. h5 b5 15. hxg6 hxg6 16. Qg5 d5 17. e5 Nd7 18. Nxb5 Rxb5 19. Bxb5 Qxb5 20. f4 Rb8 21. Rh3 Qe2 22. f5 f6 23. exf6 exf6 24. Qxg6 Rc8 25. Qh7+ Kf8 26. Bc3 Bg8 27. Bb4+ Nc5 28. Qh4 a5 29. Re1 Qb5 30. g5 axb4 31. gxf6 Nd3+ 32. Rxd3 Qxd3 33. Qxb4+ 1-0

[Event "Duesseldorf Post op 27th"]
[Site "Duesseldorf"]
[Date "2011.12.27"]
[Round "3"]
[White "Foth, Stefan"]
[Black "Mladenov, Svetlin"]
[Result "0-1"]
[WhiteElo "1758"]
[BlackElo "2358"]
[PlyCount "72"]
[EventDate "2011.12.26"]
[EventType "swiss"]
[EventRounds "7"]
[EventCountry "GER"]
[SourceTitle "EXT 2014"]
[Source "ChessBase"]
[SourceDate "2013.11.20"]
[SourceVersion "1"]
[SourceVersionDate "2013.11.20"]
[SourceQuality "1"]

1. d4 Nf6 2. Nf3 g6 3. g3 c5 4. c3 b6 5. Bg2 Bb7 6. 0-0 Bg7 7. Qb3 Qc8 8. dxc5 Qxc5 9. Be3 Qc8 10. Bd4 0-0 11. Nbd2 d6 12. Bxf6 Bxf6 13. Nd4 Bxg2 14. Kxg2 Nd7 15. Qd5 Bg7 16. Nc6 Re8 17. Ne4 Nc5 18. Ng5 e6 19. Qf3 Qc7 20. Rad1 d5 21. Nb4 a6 22. Nh3 Ne4 23. Qe3 Rac8 24. f3 Nd6 25. Rb1 Qd7 26. Qd3 Red8 27. Nf4 Qa4 28. Qxa6 Qxa6 29. Nxa6 Nc4 30. Kf2 Nd2 31. e3 Rc4 32. a3 h5 33. Nd3 e5 34. Ke2 Nxb1 35. Rxb1 d4 36. cxd4 Rc2+ 0-1

[Event "Duesseldorf Post op 27th"]
[Site "Duesseldorf"]
[Date "2011.12.27"]
[Round "2"]
[White "Mladenov, Svetlin"]
[Black "Vasiljev, Jurij"]
[Result "1-0"]
[WhiteElo "2358"]
[BlackElo "2098"]
[PlyCount "55"]
[EventDate "2011.12.26"]
[EventType "swiss"]
[EventRounds "7"]
[EventCountry "GER"]
[SourceTitle "EXT 2014"]
[Source "ChessBase"]
[SourceDate "2013.11.20"]
[SourceVersion "1"]
[SourceVersionDate "2013.11.20"]
[SourceQuality "1"]

1. e4 c5 2. Nf3 e6 3. d4 cxd4 4. Nxd4 a6 5. Nc3 Qc7 6. Bd3 Nf6 7. 0-0 Nc6 8. Nxc6 dxc6 9. f4 e5 10. Qe1 Bc5+ 11. Kh1 Ng4 12. h3 h5 13. Na4 Bd4 14. c3 Ba7 15. b4 Be6 16. Nc5 0-0-0 17. Qe2 Qd6 18. Bxa6 Bxc5 19. bxc5 Qxc5 20. Rb1 Rd7 21. f5 Qxc3 22. fxe6 Qg3 23. exd7+ Kd8 24. hxg4 hxg4+ 25. Kg1 Rh1+ 26. Kxh1 Qh4+ 27. Kg1 g3 28. Bg5+ 1-0